000 00188nam a22001097a 4500
040 _cSK
082 _a338
100 _aNA
245 _aMicroeconomics
260 _aNA
_bNA
_cNA
942 _cEK
999 _c9653
_d9653